书目信息 |
| 题名: |
生活万事通 下册
|
|
| 作者: | 楚人 , 柴军 主编 | |
| 分册: | ||
| 出版信息: | 北京 北京科学技术出版社 1999.02 |
|
| 页数: | 663页 | |
| 开本: | 32开 | |
| 丛书名: | ||
| 单 册: | ||
| 中图分类: | Z228 | |
| 科图分类: | ||
| 主题词: | 百科全书--中国 | |
| 电子资源: | ||
| ISBN: | 7-5304-1936-6 | |
| 000 | 00603nam0 2200205 45 | |
| 001 | 0009301578 | |
| 005 | 20000930155054.8 | |
| 010 | @a7-5304-1936-6@d上下册:58.00元 | |
| 100 | @a20000930d1999 km y0chiy0120 ea | |
| 101 | 0 | @achi |
| 105 | @a z 000yy | |
| 200 | 1 | @a生活万事通 下册@ASheng Huo Wan Shi Tong Xia Ce@f楚人,柴军主编@FChu Ren,Chai Jun Zhu Bian |
| 210 | @a北京@c北京科学技术出版社@d1999.02 | |
| 215 | @a663页@d32开 | |
| 606 | 0 | @a百科全书@x中国 |
| 690 | @aZ228@v3 | |
| 701 | 0 | @a楚人@4主编 |
| 701 | 0 | @a柴军@4主编 |
| 801 | @aCN@bPftUser@c20000930 | |
| 905 | @dZ228@eCH.225:2@b160582-586@f5 | |
| 生活万事通 下册/楚人,柴军主编.-北京:北京科学技术出版社,1999.02 |
| 663页;32开 |
| ISBN 7-5304-1936-6:上下册:58.00元 |
| ● |
| 相关链接 |
|
|
|
正题名:生活万事通下册
索取号:Z228/CH.225:2
 
预约/预借
| 序号 | 登录号 | 条形码 | 馆藏地/架位号 | 状态 | 备注 |
| 1 | 160582 | 201605824 | 自科库501/ [索取号:Z228/CH.225:2] | 在馆 | |
| 2 | 160583 | 201605833 | 自科库501/501自科库 126排1列2层/ [索取号:Z228/CH.225:2] | 在馆 | |
| 3 | 160584 | 201605842 | 自科库501/501自科库 126排1列2层/ [索取号:Z228/CH.225:2] | 在馆 | |
| 4 | 160585 | 201605851 | 自科库501/ [索取号:Z228/CH.225:2] |
已借出,限还日期为2015.09.21 借出人:艾淑瑜 |
|
| 5 | 160586 | 201605860 | 自科库501/ [索取号:Z228/CH.225:2] | 在馆 |